| 000 | 00654nam a2200253Ia 4500 | ||
|---|---|---|---|
| 003 | OSt | ||
| 005 | 20221007082323.0 | ||
| 006 | a|||||r|||| 00| 0 | ||
| 007 | ta | ||
| 008 | 221006b |||||||| |||| 00| 0 eng d | ||
| 024 | _a10,406 | ||
| 037 | _cReports / Technical Reports | ||
| 040 |
_aFLL _cFLL _beng |
||
| 041 |
_2eng _aeng |
||
| 082 | _aD6:48p1,N68, K9.1 | ||
| 110 | _aUnited nations | ||
| 245 | 0 | _aSpace exploration and applications | |
| 260 | _c1969 | ||
| 300 |
_a804p _ccm. |
||
| 490 | _vVol.1 | ||
| 700 | _aUnited nations | ||
| 942 |
_hD6:48p1,N68, K9.1 _cREP _2CC |
||
| 999 |
_c1166053 _d1166053 |
||